أسس الكيمياء الحيوية. (Record no. 6746)

MARC details
000 -الفاتح
حقل البيانات ثابتة الطول 01022nac a22002291i 4500
003 - محدد رقم الضبط
رقم الضبط EG-ScBUE
005 - وقت وتاريخ اخر تعامل مع التسجيلة
رقم الضبط 20260428111659.0
008 - عناصر البيانات ثابتة الطول - معلومات عامة
حقل البيانات ثابتة الطول 101215s1981 ru a fr 000 0 ara d
040 ## - مصدر الفهرسة
وكالة الفهرسة الأصلية EG-ScBUE
لغة الفهرسة ara
قواعد الوصف rda
وكالة النسخ EG-ScBUE
وكالة التعديل EG-ScBUE
082 04 - رقم تصنيف ديوى العشرى
رقم التصنيف 574.192
رقم المادة ف ي ل
رقم الطبعة 22
100 1# - المدخل الرئيسى - إسم شخصى
الإسم الشخصى فيليبوفيتش، يو،
9 (RLIN) 21523
الدور مؤلف.
245 10 - بيان العنوان
العنوان أسس الكيمياء الحيوية.
رقم الجزء/قسم العمل الجزء الثاني،
اسم جزء/قسم العمل الكيمياء الحيوية الديناميكية /
بيان المسئوليه,etc يو. فيليبوفيتش ؛ ترجمة الدكتور حسن معوض عبد العال.
264 #1 - النشر، التوزيع
مكان الناشر او الموزع موسكو :
اسم الناشر او الموزع دار مير للطباعة والنشر،
تاريخ النشر أو التوزيع 1981.
300 ## - الوصف المادى
التعداد 297 صفحة :
تفاصيل ماديه اخرى للوعاء إيضاحيات ؛
أبعاد الوعاء 24 سم
336 ## - نوع المحتوى
source rdacontent
Carrier Type Term نص
Content Type Code txt
337 ## - نوع الوسيط
Media Type Term بدون وسيط
source rdamedia
Media Type Code n
338 ## - نوع الحامل أو الناقل
Carrier Type Term مجلد
Carrier Type Code nc
source rdacarrier
650 #7 - المدخل الاضافى بالموضوع-مصطلح موضوعى
مصطلح موضوعي أو اسم جغرافي كعنصر مدخل الكيمياء الحيوية.
9 (RLIN) 21529
مصدر الرأس أو المصطلح BUEsh
655 ## - مصطلح تكشيفى-نوع/شكل
التقسيم الفرعي الشكلي Reading book
700 1# - المدخل الاضافى - اسم شخصى
الإسم الشخصى عبد العال، حسن معوض،
9 (RLIN) 21530
الدور مترجم.
942 ## - عناصر المدخل الإضافي( كوها)
Koha [default] item type Book - Borrowing
سابقة رقم الطلب 574.192 ف ي ل
مصدر التصنيف او مخطط الترفيف Dewey Decimal Classification
Holdings
حالة التراجع حالة الفقد مصدر التصنيف او خطة الترفيف حالة تلف ليس للاعارة مجموعات كوها المكان الدائم المكان الحالي موقع الترفيف تاريخ الاكتساب Source of acquisition رقم الاستدعاء الباركود Date last seen نوع الوعاء تبصرة عامة
    Dewey Decimal Classification     Alef-Baa Central Library Central Library First floor 02/01/2011   574.192 ف ي ل 000008400 15/07/2025 Book - Borrowing الجزء الثانى